| 000 | 00361cam a22001097a 4500 | ||
|---|---|---|---|
| 008 | 180718b xxu||||| |||| 00| 0 eng d | ||
| 082 | _aY11x73 UN3/1934-64 | ||
| 245 |
_aLand utilization program _cby Department of Agriculture, United States |
||
| 260 |
_aWashington _bGovernment Printing Office _c |
||
| 300 | _a85p. | ||
| 700 | _aUnited States. Department of Agriculture | ||
| 999 |
_c499086 _d499086 |
||